Biện pháp phòng chống các bệnh do virut từ động vật lây sang người

Gespeichert in:
Bibliographische Detailangaben
1. Verfasser: Bùi, Quý Huy
Format: Buch
Sprache:Undetermined
Veröffentlicht: Hà Nội Nông Nghiệp 2002
Schlagworte:
Tags: Tag hinzufügen
Keine Tags, Fügen Sie den ersten Tag hinzu!
Thư viện lưu trữ: Trung tâm Học liệu Trường Đại học Cần Thơ
LEADER 00638nam a2200205Ia 4500
001 CTU_93002
008 210402s9999 xx 000 0 und d
020 |c 20000 
082 |a 614.4 
082 |b H523 
100 |a Bùi, Quý Huy 
245 0 |a Biện pháp phòng chống các bệnh do virut từ động vật lây sang người 
245 0 |c Bùi Quý Huy 
260 |a Hà Nội 
260 |b Nông Nghiệp 
260 |c 2002 
650 |a Communicable diseases,Epidemiology,Health 
650 |x Prevention 
904 |i Tuyến, QHieu 
980 |a Trung tâm Học liệu Trường Đại học Cần Thơ